000
00336nam a2200121Ia 4500
008
231129s9999||||xx |||||||||||||| ||spa||
020
_a
958-615-498-X.(v.1)
040
_b
spa
082
_a
R 036.1 G748co
245
0
_a
Gran consultor: Enciclopedia estudiantil
264
_a
Bibliograf.
942
_2
ddc
_c
BKS
999
_c
14592
_d
14592